The future of monetary policy : (Record no. 5370)
[ view plain ]
| 000 -LEADER | |
|---|---|
| fixed length control field | 01275nam a2200313 a 4500 |
| 001 - CONTROL NUMBER | |
| control field | 5370 |
| 003 - CONTROL NUMBER IDENTIFIER | |
| rucl marc code | UkOxU |
| 005 - DATE AND TIME OF LATEST TRANSACTION | |
| control field | 20211208234045.0 |
| 008 - FIXED-LENGTH DATA ELEMENTS--GENERAL INFORMATION | |
| fixed length control field | 131226s1935 enk b 001 0 eng |
| 035 ## - SYSTEM CONTROL NUMBER | |
| System control number | (UkLCURL)980035006512 |
| 040 ## - CATALOGING SOURCE | |
| Original cataloging agency | DLC |
| Transcribing agency | FJ |
| Modifying agency | OCoLC |
| -- | DLC |
| Language of cataloging | eng |
| 041 ## - LANGUAGE CODE | |
| Language code of text/sound track or separate title | eng |
| 082 ## - DEWEY DECIMAL CLASSIFICATION NUMBER | |
| Classification number | 382.109047 |
| Author mark and year | FUT 1935 |
| 110 2# - MAIN ENTRY--CORPORATE NAME | |
| Corporate name or jurisdiction name as entry element | Royal Institute of International Affairs. |
| 9 (RLIN) | 16881 |
| 245 14 - TITLE STATEMENT | |
| Title | The future of monetary policy : |
| Remainder of title | a report on international monetary problems by a group of the Royal Institute of International Affairs. |
| 260 ## - PUBLICATION, DISTRIBUTION, ETC. (IMPRINT) | |
| Place of publication, distribution, etc. | London : |
| Name of publisher, distributor, etc. | Oxford University Press : |
| -- | Humphrey Milford, |
| Date of publication, distribution, etc. | 1935. |
| 300 ## - PHYSICAL DESCRIPTION | |
| Pagination | ix, 219 p. ; |
| Size | 25 cm. |
| 500 ## - GENERAL NOTE | |
| General note | "Issued under the auspices of the Royal Institute of international affairs.". |
| General note | "Final report of the study group on international monetary problems."--Foreword. |
| General note | "Final report of the study group on international monetary problems published under title: Monetary policy and the depression.". |
| 504 ## - BIBLIOGRAPHY, ETC. NOTE | |
| Bibliography, etc | Includes bibliographical references and index. |
| 650 #0 - SUBJECT ADDED ENTRY--TOPICAL TERM | |
| Topical term or geographic name as entry element | Currency question. |
| 9 (RLIN) | 16882 |
| Topical term or geographic name as entry element | Economic history |
| Chronological subdivision | 1918- |
| 9 (RLIN) | 16883 |
| Topical term or geographic name as entry element | Economic policy. |
| 9 (RLIN) | 16884 |
| Topical term or geographic name as entry element | Finance. |
| 9 (RLIN) | 16885 |
| 942 ## - ADDED ENTRY ELEMENTS (KOHA) | |
| Source of classification or shelving scheme | Dewey Decimal Classification |
| Koha item type | Books |
| Lost status | Source of classification or shelving scheme | Damaged status | Not for loan | Collection code | Permanent Location | Current Location | Shelving location | Date acquired | Source of acquisition | Cost, normal purchase price | Total Checkouts | Full call number | Date last seen | Copy number | Koha item type |
|---|---|---|---|---|---|---|---|---|---|---|---|---|---|---|---|
| Dewey Decimal Classification | Not For Loan | Non-fiction | Central Library, University of Rajshahi | Central Library, University of Rajshahi | 01/08/1955 | O.U.P. | 7.80 | 382.109047 FUT 1935 | 26/12/2013 | C-1 | Books |